Les pays avec les dépenses militaires les plus élevées - Statistiques

Statistiques générales
  • Ce quiz a été pris 235 fois
  • Le résultat moyen est 13 sur 15
Statistiques - réponses
Dépenses militaires (milliards de $) Réponse % Correct
215 Chine
100%
55,7 France
100%
611 Etats-Unis
99%
69,2 Russie
98%
41,1 Allemagne
96%
48,3 Royaume-Uni
95%
55,9 Inde
94%
46,1 Japon
92%
27,9 Italie
91%
23,7 Brésil
87%
36,8 Corée du Sud
85%
24,6 Australie
75%
63,7 Arabie saoudite
72%
18 Israël
59%
22,8 Emirats arabes unis
21%
Aucun quiz correspondant
Distribution des résultats
% des personnes avec chaque résultat
Percentile par nombre de réponses
Votre historique - résultats
Vous n’avez pas pris ce quiz